000 00799cam a22002771 4500
001 sa 67001528
003 DLC
005 20260227112323.0
008 900125s1966 ii b 000 0 hino
010 _asa 67001528
035 _a(OCoLC)20956974
040 _aDLC
_cWaU
_dDLC
042 _apremarc
043 _aa-ii---
050 0 0 _aBL1458.2
_b.M28
100 1 _aMālavikā, Vidyāvatī.
245 1 0 _aHindī santa-sāhitya para Bauddhadharma kā prabhāva.
260 _c[1966]
300 _a8, 379 p.
_c25 cm.
500 _aIn Hindi.
504 _aBibliography: p. [371]-379.
650 0 _aBuddhism
_xRelations
_xHinduism.
650 0 _aHinduism
_xRelations
_xBuddhism.
650 0 _aHindi poetry
_xHistory and criticism.
650 0 _aHindu literature, Hindi
_xHistory and criticism.
999 _c72694
_d72694